Những hư hỏng của công trình thuỷ công và phân tích các nguyên nhân
Saved in:
| Main Author: | |
|---|---|
| Format: | Book |
| Language: | Undetermined |
| Published: |
Hà Nội
Nông nghiệp
1977
|
| Subjects: | |
| Tags: |
Add Tag
No Tags, Be the first to tag this record!
|
| Institutions: | Trung tâm Học liệu Trường Đại học Cần Thơ |
|---|
| LEADER | 00549nam a2200169Ia 4500 | ||
|---|---|---|---|
| 001 | CTU_46314 | ||
| 008 | 210402s9999 xx 000 0 und d | ||
| 082 | |a 627.136 | ||
| 082 | |b Tr500 | ||
| 100 | |a Lưu Di Trụ | ||
| 245 | 0 | |a Những hư hỏng của công trình thuỷ công và phân tích các nguyên nhân | |
| 245 | 0 | |c Lưu Di Trụ, Nhũ Hiệu Vũ | |
| 260 | |a Hà Nội | ||
| 260 | |b Nông nghiệp | ||
| 260 | |c 1977 | ||
| 650 | |a hydraulic engineering | ||
| 980 | |a Trung tâm Học liệu Trường Đại học Cần Thơ | ||